Score 0/20 Timer 03:00
1 Play Today
Scrambled Character Answer % Correct
NIDODino
89.2%
TULPOPluto
87.8%
OPEPEYPopeye
84.9%
YCORKRocky
78.7%
GYIOYogi
78.1%
RYTSVELESSylvester
76.1%
AHGSYGShaggy
62.4%
NLEULWLBIKBullwinkle
61.3%
XDTREEDexter
57.3%
EREOEYEeyore
56.1%
Scrambled Character Answer % Correct
WTTEYETweety
48.4%
NOSPOYSnoopy
46.7%
OBRNIRobin
46.6%
EBDNREBender
42.9%
LAWMIWilma
35.9%
SDOCTOKOWWoodstock
33.4%
PRHAELARaphael
32%
GNOPBESBOSpongeBob
19.1%
RFAGIDELGarfield
18.7%
RSFMTEUETSmurfette
11.7%

You're not logged in!

Compare scores with friends on all Sporcle quizzes.
OR
Log In

Sporcle TV

Today on Sporcle TV


Watch our educational content, quiz creation guides, and fun videos on Sporcle TV.

Show Comments

Extras

Top Quizzes Today


Score Distribution

Your Account Isn't Verified!

In order to create a playlist on Sporcle, you need to verify the email address you used during registration. Go to your Sporcle Settings to finish the process.

Report this User

Report this user for behavior that violates our Community Guidelines.

Details: